| 000 | 01002cam a2200253 i 4500 | ||
|---|---|---|---|
| 003 | SA-RiAUC | ||
| 005 | 20251031122907.0 | ||
| 008 | 251026s1983 jo g 00000 ara c | ||
| 040 |
_aSA-JeALM _bara _cSA-RiAUC _erda |
||
| 082 | 0 | 4 | _a258 |
| 090 |
_a258 _bح ا م |
||
| 100 | 1 |
_aالحامد، محمد بن محمود، _d1910-1969 _eمؤلف. |
|
| 245 | 1 | 0 |
_aلزوم اتباع مذاهب الأئمة حسما للفوضى الدينية / _cبقلم محمد الحامد. |
| 250 | _aالطبعة الثالثة. | ||
| 264 | 1 |
_aالزرقاء، الأردن : _bمكتبة المنار، _c1983 |
|
| 300 |
_a43 صفحة ؛ _c20 سم. |
||
| 336 |
_aنص _btxt _2rdacontent _3كتاب |
||
| 337 |
_aبدون وسيط _bn _2rdamedia |
||
| 440 | 0 |
_aمجموعة رسائلالشيخ محمد الحامد _v6 |
|
| 650 | 7 |
_aالفقه الإسلامي _xمذاهب _2aucsh |
|
| 650 | 7 |
_aالاجتهاد (أصول فقه) _2aucsh |
|
| 942 |
_2ddc _cBOOK _n0 |
||
| 949 |
_aSA-JeALM _d251026 _uosman123 _n1 |
||
| 999 |
_c12862 _d12862 |
||